Inventario de publicaciones periódicas que se reciben en las Bibliotecas de Barcelona
Descripción Física:
277 p. ; 28 cm
MARC
| LEADER | 00000nam a2200000Ia 4500 | ||
|---|---|---|---|
| 001 | 8046 | ||
| 008 | 160829s1970 xx 000 0 cat d | ||
| 080 | |a A-1-65 | ||
| 245 | |a Inventario de publicaciones periódicas que se reciben en las Bibliotecas de Barcelona | ||
| 260 | |a Barcelona : |b Biblioteca Central de la Diputación de Barcelona, |c 1970 | ||
| 300 | |a 277 p. ; |c 28 cm | ||
| 650 | |a Biblioteques |x Barcelona |x Fons especials |x Revistes |x Catàlegs col·lectius |9 39842 | ||
| 710 | 2 | |a Biblioteca Central (Barcelona, Catalunya) |9 54533 | |
| 901 | |a Arxiu | ||
| 942 | |n 1 | ||
| 952 | |0 0 |1 0 |4 0 |6 A165 |7 1 |9 49261 |a Arxiu |b Arxiu |d 2016-12-01 |l 0 |o A-1-65 |p 8046 |r 2016-12-01 00:00:00 |w 2016-12-01 |y ARXIU | ||
| 999 | |c 53101 |d 53101 | ||